ARRUPE JESUIT UNIVERSITY

CORONAVIRUS -STOP THE SPREAD - CLEAN,DISINFECT,COVER

Edward Said (Record no. 123234)

MARC details
000 -LEADER
fixed length control field 01469cam a2200397La 4500
001 - CONTROL NUMBER
control field 4243725
003 - CONTROL NUMBER IDENTIFIER
control field ARRUPE
005 - DATE AND TIME OF LATEST TRANSACTION
control field 20150904135951.0
006 - FIXED-LENGTH DATA ELEMENTS--ADDITIONAL MATERIAL CHARACTERISTICS--GENERAL INFORMATION
fixed length control field m u
007 - PHYSICAL DESCRIPTION FIXED FIELD--GENERAL INFORMATION
fixed length control field cr cn-
008 - FIXED-LENGTH DATA ELEMENTS--GENERAL INFORMATION
fixed length control field 010816s2001 enk sb 001 0deng d
020 ## - INTERNATIONAL STANDARD BOOK NUMBER
International Standard Book Number 0203170199 (electronic bk.)
035 ## - SYSTEM CONTROL NUMBER
System control number (OCoLC)48139618
035 ## - SYSTEM CONTROL NUMBER
System control number (OCoLC)ocm48139618
035 ## - SYSTEM CONTROL NUMBER
System control number (N$T)ocm48139618
035 ## - SYSTEM CONTROL NUMBER
System control number (NNC)4243725
040 ## - CATALOGING SOURCE
Original cataloging agency N$T
Transcribing agency N$T
Modifying agency OCLCQ
050 14 - LIBRARY OF CONGRESS CALL NUMBER
Classification number PN51
Item number .A86 2001eb
082 04 - DEWEY DECIMAL CLASSIFICATION NUMBER
Classification number 801/.95/092
Edition number 21
300 ## - PHYSICAL DESCRIPTION
Dimensions 20 cm.
100 1# - MAIN ENTRY--PERSONAL NAME
Personal name Ashcroft, Bill, and Ahluwalia, Pal
Dates associated with a name 1946-
9 (RLIN) 19315
245 10 - TITLE STATEMENT
Title Edward Said
Statement of responsibility, etc Bill Ashcroft and Pal Ahluwalia.
260 ## - PUBLICATION, DISTRIBUTION, ETC. (IMPRINT)
Place of publication, distribution, etc London ;
-- New York :
Name of publisher, distributor, etc Routledge,
Date of publication, distribution, etc 2001.
300 ## - PHYSICAL DESCRIPTION
Extent viii, 167 p. ;
504 ## - BIBLIOGRAPHY, ETC. NOTE
Bibliography, etc Includes bibliographical references (p. 143-162) and index.
533 ## - REPRODUCTION NOTE
Type of reproduction Electronic reproduction.
Place of reproduction Boulder, Colo. :
Agency responsible for reproduction NetLibrary,
Date of reproduction 2001.
Note about reproduction Available via World Wide Web.
-- Access may be limited to NetLibrary affiliated libraries.
600 10 - SUBJECT ADDED ENTRY--PERSONAL NAME
Personal name Said, Edward W.
9 (RLIN) 19316
650 #0 - SUBJECT ADDED ENTRY--TOPICAL TERM
Topical term or geographic name as entry element Politics and literature.
9 (RLIN) 11589
650 #0 - SUBJECT ADDED ENTRY--TOPICAL TERM
Topical term or geographic name as entry element Criticism
General subdivision Political aspects.
9 (RLIN) 19317
655 #7 - INDEX TERM--GENRE/FORM
Genre/form data or focus term Electronic books.
Source of term local
9 (RLIN) 19318
700 1# - ADDED ENTRY--PERSONAL NAME
Personal name Ahluwalia, D. P. S.
Fuller form of name (D. Pal S.)
9 (RLIN) 19319
710 2# - ADDED ENTRY--CORPORATE NAME
Corporate name or jurisdiction name as entry element NetLibrary, Inc.
9 (RLIN) 12
776 1# - ADDITIONAL PHYSICAL FORM ENTRY
Qualifying information Original
International Standard Book Number 0415247772
Record control number (DLC) 00062747
-- (OCoLC)44885255
856 4# - ELECTRONIC LOCATION AND ACCESS
Uniform Resource Identifier <a href="http://www.columbia.edu/cgi-bin/cul/resolve?clio4243725">http://www.columbia.edu/cgi-bin/cul/resolve?clio4243725</a>
Public note Click here for full text.
942 ## - ADDED ENTRY ELEMENTS (KOHA)
Source of classification or shelving scheme Library of Congress Classification
Koha item type Monograph ( Printed materials)
Holdings
Withdrawn status Lost status Source of classification or shelving scheme Damaged status Not for loan Collection code Home library Current library Shelving location Date acquired Total Checkouts Full call number Barcode Date last seen Price effective from Koha item type
    Library of Congress Classification     Main Collection ARRUPE LIBRARY ARRUPE LIBRARY Main Collection 04/09/2015   PN51 .A86 2001eb 46500003976 27/03/2019 04/09/2015 Monograph ( Printed materials)

 

Arrupe Library. PO Box MP320 Mt Pleasant, Harare, Zimbabwe
263 242 745411|librarian@aju.ac.zw